Smash Character to Series - Picture Click #1 - Statistics

General Stats
  • This quiz has been taken 20 times
  • The average score is 9 of 10
Answer Stats
Hint Answer % Correct
Marth Fire Emblem
100%
Piranha Plant Mario
100%
Pichu Pokémon
100%
Isabelle Animal Crossing
94%
Mii Swordfighter Mii
94%
Shulk Xenoblade Chronicles
94%
Zelda The Legend of Zelda
94%
King K. Rool Donkey Kong
89%
Meta Knight Kirby
89%
Inkling Splatoon
89%
No matching quizzes found
Score Distribution
Percent of People with Each Score
Percentile by Number Answered
Your Score History
You have not taken this quiz